| 000 | 00911nam0a22002651 4500 | ||
|---|---|---|---|
| 001 | rc\513905 | ||
| 005 | 20250621113813.0 | ||
| 010 |
_a5-09-000375-0 _9100000 |
||
| 035 | _a(NLR Aleph) 005753730 | ||
| 090 |
_a4867131 _c4867131 |
||
| 100 | _a20030616d1988 |||y0rusy50 ca | ||
| 101 | 0 | _arus | |
| 102 | _aRU | ||
| 105 | _aa ||||||||| | ||
| 200 | 1 |
_aАктивные формы и методы обучения биологии _eЖивотные _eКн. для учителя _eИз опыта работы |
|
| 210 |
_aМ. _cПросвещение _d1988 |
||
| 215 |
_a174, [2] с. _cил. _d21 |
||
| 320 | _aБиблиогр.: с. 173-175 | ||
| 700 | 1 |
_aМолис _bС.С. _gСтасис Станиславович |
|
| 701 | 1 |
_aМолис _bС.А. _gСтанислав Августинович |
|
| 801 | 0 |
_aRU _bNLR _gpsbo |
|
| 801 | 1 |
_aRU _bELAR _2rusmarc |
|
| 852 |
_aNLR _j88-3/13958 |
||
| 942 | _cBOOK | ||
| 980 | _aNB | ||